000 00225nam a22000977a 4500
082 _a823
_bAGA/T
100 _aAGARWAL,DEEPA
245 _aTHERE IS ANOTHER WAY
246 _aTHERE IS ANOTHER WAY
_bTHERE IS ANOTHER WAY
942 _cBK
999 _c8365
_d8365